LEADER 01475nam a2200325 a 4500 001 000000138468 003 CaOOAMICUS 005 20140516102644.0 008 140516s2006 it a u000 u ita r 020 $a978-88-5752-022-3 040 $aPUL$bita 041 1 $aita$hger 082 04$a940.53 100 1 $aCzech, Danuta.$0(OLS)http://pul/name/89266 245 10$aKalendarium :$bgli avvenimenti nel campo di concentramento di Auschwitz-Birkenau, 1939-1945 /$cDanuta Czech ; traduzione di Gianluca Piccinini. 260 $aMilano ; Udine :$bMimesis,$c©2006. 300 $aXXVII, 844 p. :$bill. ;$c28 cm 504 $aBibliografia in nota. 650 4$aEbrei$xSterminio$y1939-1945.$0(OLS)http://pul/subject/40524 650 4$aGenocidio$ySec. XX.$0(OLS)http://pul/subject/35999 651 4$aEuropa$xStoria$ySec. XX.$0(OLS)http://pul/subject/4726 700 1 $aPiccinini, Gianluca.$0(OLS)http://pul/name/89267 850 $aPUL 852 $aPUL$W1$xSL Cons. Gen., Altre Classi 3$y75$m940. 53 CZEDA 1$j159702$qDDC 21$B159226$CPULBib$Z2$F159226 $H124028 $82 941 1 $a9 996 $6020$a978-88-5752-022-3$9(OLS)http://pul/number/155305 996 $6082$a940.53$9(OLS)http://pul/classification/1998 996 $6245$aKalendarium :$bgli avvenimenti nel campo di concentramento di Auschwitz-Birkenau, 1939-1945$9(OLS)http://pul/title/175274 996 $6260$aMilano ; Udine :$bMimesis$9(OLS)http://pul/publisher/81060 LEADER 01683nam a2200313 u 4500 001 000000001185 003 CaOOAMICUS 005 20070226104302.0 008 941013n xx u000 u und u 035 $a10026789 040 $aPUL$bita 100 1 $aPanakal, Thomas.$0(OLS)http://pul/name/1337 245 10$aFamily apostolate in the Church of Kerala in the light of Familiaris Consortio /$cThomas Panakal. 260 $aRoma :$bPontificia Universitą Lateranense,$c1986. 300 $axiii, 242 p. :$bc. geogr. ;$c24 cm 490 1 $aTheses ad doctoratum in s. theologia (Pontificia Universitą lateranense) 500 $aIn testa al front.: Pontificia Universitas Lateranensis. 502 $aDiss. -- Pontificia Universitą Lateranense, 1986. 504 $aBibliografia: p. 224-242. 610 24$aPapi (1978-2005 : Iohannes Paulus PP. II).$tFamiliaris consortio.$0(OLS)http://pul/subject/9824 630 04$aFamiliaris Consortio$xCritica e interpretazione.$0(OLS)http://pul/subject/1319 650 4$aFamiglia$zKerala (India).$0(OLS)http://pul/subject/1320 651 4$aKerala (India)$xStoria ecclesiastica.$0(OLS)http://pul/subject/1321 830 0$aTheses ad doctoratum in s. theologia (Pontificia Universitą Lateranense).$0(OLS)http://pul/title/346 850 $aPUL 852 $aPUL$W1$xDP1 Tesi Pon Univ. Lateranense$y41$mTH PUL.THEOL 445$j1535$nBK-PRI$b $qTesi$B1535$CPULBib$Z2$F1535 $HPUL55059 $81 941 1 $a16 996 $6245$aFamily apostolate in the Church of Kerala in the light of Familiaris Consortio$9(OLS)http://pul/title/1754 996 $6260$aRoma :$bPontificia Universitą Lateranense$9(OLS)http://pul/publisher/47963